Dynamic modeling for business management : an introduction

Αποθηκεύτηκε σε:
Λεπτομέρειες βιβλιογραφικής εγγραφής
Άλλοι συγγραφείς: McGarvey, Bernard (Επιμελητής έκδοσης), Hannon, Bruce M. (Επιμελητής έκδοσης)
Μορφή: Βιβλίο
Γλώσσα:English
Δημοσίευση: New York : Springer, c2004
Σειρά:Modeling dynamic systems
Θέματα:
Ετικέτες: Προσθήκη ετικέτας
Δεν υπάρχουν, Καταχωρήστε ετικέτα πρώτοι!

MARC

LEADER 00000cam a2200000 i 4500
001 1/97551
008 081119s2004 eng d
020 |a 978-0-387-40461-5 
020 |a 0-387-40461-9 
035 |l 10101757 
040 |a GR-MY-UA  |b gre  |e aacr 
041 0 |a eng 
082 0 |a 519.703  |2 (22) 
100 1 |a McGarvey, Bernard.  |4 edt 
245 1 0 |a Dynamic modeling for business management :  |b an introduction /  |c Bernard McGarvey, Bruce Hannon 
260 |a New York :   |b Springer,   |c c2004 
300 |a xiv, 308 σ.;  |b εικ.;  |c 24 εκ.+  |e 1 οπτική δισκέτα λέϊζερ 4 3/4 ίν. 
490 1 |a Modeling dynamic systems 
504 |a Βιβλιογραφία : σ. 295-297 
650 0 0 |a Management  |x Mathematical models. 
650 0 0 |a Digital computer simulation. 
700 1 |a Hannon, Bruce M.  |4 edt 
830 0 |a Modeling dynamic systems 
852 |a INST  |b CHIOS  |e 20081119  |h 519.703 MCG  |p 005200031086  |q 005200031086  |t BK  |y 0 
852 |a INST  |b CHIOS  |e 20130416  |h 519.703 MCG  |p 005200035435  |q 005200035435  |t BK  |y 0 
852 |a INST  |b CHIOS  |e 20081119  |h 519.703 MCG   |p 005200027260  |q 005200027260  |t BK  |y 0 
852 |a INST  |b CHIOS  |e 20130416  |h 519.703 MCG   |p 005200035416  |q 005200035416  |t BK  |y 0 
901 |a BIBL2-2008-3 
901 |a BIBL2-2013-1 
909 |a Χ  |b 153715 
909 |a X  |b 146878 
909 |a Χ  |b 175471 
909 |a Χ  |b 175489 
922 |a 2ΕΛΗ  |b 200809  |c ΕΠΕΑΕΚ2/ΤΔΕ  |d Ι. ΜΙΧΑΛΟΠΟΥΛΟΣ 
970 |a ΒΑΡΦΗΣ  |b ΒΑΓΓΕΛΗΣ  |z 2008/11/19